| 000 | 00723nam a2200241 i 4500 | ||
|---|---|---|---|
| 001 | 17391 | ||
| 003 | ES-MaACL | ||
| 005 | 20231216062903.0 | ||
| 007 | t| | ||
| 008 | 010301s1997 sp ||||1| spa d | ||
| 020 | _a84-239-7757-9 | ||
| 080 | _a39(460)"1939/75" | ||
| 100 | 1 |
_aCarandell, Luis, _d1929-2002 _934959 |
|
| 245 | 1 | 4 |
_aLas habas contadas / _cLuis Carandell. |
| 250 | _a2ª ed. | ||
| 260 |
_aMadrid : _bEspasa-Calpe, _c1997. |
||
| 300 |
_a235 p., [24] p. de lám. ; _c19 cm. |
||
| 490 | 1 |
_aEspasa bolsillo ; _v13 |
|
| 651 | 4 |
_aEspaña- _xUsos y costumbres- _y1939-1975. _98519 |
|
| 830 | 0 |
_aEspasa bolsillo ; _v13 _9228711 |
|
| 852 |
_aES-MaACL _jL-24332 _bR.129547 |
||
| 999 |
_c17391 _d17391 |
||